header

Haj to Utopia (Record no. 145852)

MARC details
000 -LEADER
fixed length control field 01989nam a2200457 a 4500
082 04 - DEWEY DECIMAL CLASSIFICATION NUMBER
Classification number 320.540954
100 1# - MAIN ENTRY--AUTHOR NAME
Personal name Ramnath, Maia,
245 10 - TITLE STATEMENT
Title Haj to Utopia
260 ## - PUBLICATION, DISTRIBUTION, ETC. (IMPRINT)
Place of publication Berkeley, Calif. :
Name of publisher University of California Press,
Year of publication c2011.
300 ## - PHYSICAL DESCRIPTION
Number of Pages xiv, 327 p. :
Other physical details ill., maps.
490 1# - SERIES STATEMENT
Series statement The California world history library ;
650 #0 - SUBJECT ADDED ENTRY--TOPICAL TERM
Topical Term Nationalism
Topical Term Social movements
Topical Term Political activists
Topical Term Social reformers
Topical Term Revolutionaries
Topical Term World politics
Topical Term World politics
856 40 - ELECTRONIC LOCATION AND ACCESS
Uniform Resource Identifier http://site.ebrary.com/lib/rucke/Doc?id=10529562

No items available.

© 2026 Rongo University
Contact us: librarian | system librarian | Rongo university